| 000 | 00508nam a2200193Ia 4500 | ||
|---|---|---|---|
| 008 | 120823t2004 xxu||||| |||| 00| 0 sin d | ||
| 041 | _asin | ||
| 080 |
_a8-3 _bSTE |
||
| 100 | _aStevenson,R.L | ||
| 245 | _aකළු අවි | ||
| 246 | _aKalu Awi | ||
| 260 |
_aGunasena _aColombo _c2004 |
||
| 300 | _b131p, 21 cm | ||
| 500 | _aSinhalese Translation Of R.L Stevenson's of Black Arrow | ||
| 700 |
_aLiyanage,somasiri _etr. |
||
| 942 | _cBK | ||
| 999 |
_c41129 _d41129 |
||
| 003 | LK-CoDNM | ||
| 040 |
_aLK-CoDNM _dLK-CoDNM _eLK-CoDNM |
||